| 000 | 00482nam a2200181Ia 4500 | ||
|---|---|---|---|
| 001 | 9158 | ||
| 005 | 20260306160703.0 | ||
| 008 | 260306t2012||||xx |||||||||||||| ||spa|| | ||
| 041 | _aESP | ||
| 082 |
_a373.2 _bP27 |
||
| 100 |
_aPascual Ferris, Vicent _eAUT |
||
| 245 | 0 |
_aEducación emocional: _bprograma de actividades para educación secundaria obligatoria |
|
| 260 | _c2012 | ||
| 300 |
_a228 páginas : _c24 cm. |
||
| 650 | _aGEN | ||
| 654 | _aCED | ||
| 942 |
_cLIB _dJUS _fJUS _2ddc _n |
||
| 999 |
_c9158 _d9158 |
||